Southville International School and Colleges
Your cart is empty.
  • Cart
  • Lists
    Public lists Eva Luna New books Lux_list list_1
    Your lists Log in to create your own lists
  • Log in to your account
  • Your cookies
  • Search history
Southville International School and Colleges
  • Advanced search
  • Recent comments
  • Most popular
  • Libraries

Log in to your account

Log in with GOOGLE


If you do not have an external account, but do have a local account, you can still log in:

  1. Home
  2. MARC view: Creative design : paper crafts.
Normal view MARC view ISBD view

Creative design : paper crafts. (Record no. 10504)

[ view plain ]
MARC details
000 -LEADER
fixed length control field 00538nam a22001937a 4500
003 - CONTROL NUMBER IDENTIFIER
control field OSt
005 - DATE AND TIME OF LATEST TRANSACTION
control field 20140310182212.0
008 - FIXED-LENGTH DATA ELEMENTS--GENERAL INFORMATION
fixed length control field 130906t xxu||||| |||| 00| 0 eng d
020 ## - INTERNATIONAL STANDARD BOOK NUMBER
International Standard Book Number 9780831718657
050 ## - LIBRARY OF CONGRESS CALL NUMBER
Classification number TT 870
Item number .Ow97 1991
082 ## - DEWEY DECIMAL CLASSIFICATION NUMBER
Classification number HS 745.54
Item number Ow2 1991
100 ## - MAIN ENTRY--PERSONAL NAME
Personal name Owen, Cheryl.
9 (RLIN) 16844
245 ## - TITLE STATEMENT
Title Creative design : paper crafts.
260 ## - PUBLICATION, DISTRIBUTION, ETC. (IMPRINT)
Place of publication, distribution, etc United Kingdom :
Name of publisher, distributor, etc Salamander Books,
Date of publication, distribution, etc 1991.
300 ## - PHYSICAL DESCRIPTION
Extent 94 p. :
Other physical details col. ;ill. ;
Dimensions 29 cm.
650 ## - SUBJECT ADDED ENTRY--TOPICAL TERM
Topical term or geographic name as entry element Paper handicrafts.
9 (RLIN) 16845
942 ## - ADDED ENTRY ELEMENTS (KOHA)
Source of classification or shelving scheme Library of Congress Classification
Koha item type
Holdings
Withdrawn status Lost status Source of classification or shelving scheme Damaged status Home library Current library Shelving location Date acquired Total Checkouts Full call number Barcode Date last seen Date checked out Copy number Price effective from Koha item type
    Library of Congress Classification   Luxembourg Library Luxembourg Library High School Section 09/06/2013 1 TT 870 .Ow97 1991 5249 11/16/2022 11/10/2022 1 09/06/2013 Books

Creative design : paper crafts.

APA

Owen C., . (1991). Creative design : paper crafts. United Kingdom: Salamander Books.

Chicago

Owen Cheryl, . 1991. Creative design : paper crafts. United Kingdom: Salamander Books.

Harvard

Owen C., . (1991). Creative design : paper crafts. United Kingdom: Salamander Books.

MLA

Owen Cheryl, . Creative design : paper crafts. United Kingdom: Salamander Books. 1991.

  • Place hold
  • Print
  • Cite
  • Add to your cart (remove)
  • Save record
    BIBTEX Dublin Core MARCXML MARC (non-Unicode/MARC-8) MARC (Unicode/UTF-8) MARC (Unicode/UTF-8, Standard) MODS (XML) RIS
  • More searches
    Search for this title in:
    Other Libraries (WorldCat) Other Databases (Google Scholar) Online Stores (Bookfinder.com) Open Library (openlibrary.org)

Exporting to Dublin Core...

SOUTHVILLE LIBRARY

Southville International School and Colleges Library

1281 Tropical Ave. Cor. Luxembourg St., BF Homes International, Las Pinas City

Tel. No. 8256374 / 252358 Loc. 117/146

Powered by Koha